แสดงรายละเอียดบรรณานุกรม
  กลับหน้าหลัก

Brief Record : Get Marc (ISO 2709) : E-mail record : QR code ปิดหน้าต่าง
LEADER 00000nam 2200000uu 4500
008    140103s2011||||th 000 0 tha d
041 0  ^aeng^btha
060  4 ^aThe WX150 C564h 2011
100 0  Chuthamas Songpaidech
245 10 Health service provision at sub-district health promotionhospitals /^cChuthamas Songpaidech
246 00 การให้บริการสุขภาพที่โรงพยาบาลส่งเสริมสุขภาพตำบล
260    ^aKhon Kaen : ^bKhon Kaen University,^c2011.
300    v, 67p.
502    Thesis (M.Pharm.)--Clinical Pharmacy. Graduate School.Khon Kaen University, 2011
650  4 Health promotion
650  4 Health services
650  4 Health promotion services
650  4 Delivery of health care
650  0 ^aThesis
700 1  จุฑามาศ ทรงภัยเดช
710 2  Khon Kaen University.^bGraduate School.^bClinical Pharmacy
999    ^aใช้งานได้ทุกระบบ
รายการนี้ยังไม่มีแท็ก
คุณยังไม่ได้ล็อกอิน คุณสามารถมีกิจกรรมร่วมกับเว็บไซต์ได้ แต่ต้องล็อกอินก่อน ::
  ล็อกอิน
ลำดับที่ ประเภท เลขเรียก สถานที่ สถานะ
1. วิทยานิพนธ์
วิทยานิพนธ์
The WX150 C564h 2011  
  
ชั้นหนังสือวิทยานิพนธ์ On Shelf
  ขอยืม
   [แสดง 1/1 รายการ]

รายการใกล้เคียง
    หัวเรื่อง [Health promotion]
    หัวเรื่อง [Health services]
    หัวเรื่อง [Delivery of health care]
    หัวเรื่อง [Thesis]

BibComment


ยังไม่เคยถูกคอมเมนท์

คอมเมนท์ทรัพยากรรายการนี้
  คอมเมนท์: Health service pr..
Bib 209439

 
 
 

 Union Library Management : ULibM
Copyright 2026. All Rights Reserved.
скачать бесплатно без регистрации порно красивый секс HD Sex Hindi sex

xxx gou

xxxx

bfxxx

xxxwww

Секса Видео

xxxx

Секса Видео

detube

geilexxx

C99 Shell

worms shell

blod xxx video
Ebony Coed Rihanna Rimes Takes A Dick In Her Young Twat priyaa indian fuck anal and pusssy hardcore indian women xxx desi hardcore fucking part 1 bengalixxxcouple